Instituciones de Derecho Público (Registro nro. 4252)

Detalles MARC
000 -LEADER
fixed length control field 02405 a2200217 4500
001 - CONTROL NUMBER
control field 46852
005 - DATE AND TIME OF LATEST TRANSACTION
control field 20260407155738.0
008 - FIXED-LENGTH DATA ELEMENTS--GENERAL INFORMATION
fixed length control field 260407a1976 arg spa d
003 - CONTROL NUMBER IDENTIFIER
control field AR-UNSa-BCEJYS
040 ## - CATALOGING SOURCE
Original cataloging agency AR-UNSa-BCEJYS
Language of cataloging spa
Transcribing agency AR-UNSa-BCEJYS
080 ## - UNIVERSAL DECIMAL CLASSIFICATION NUMBER
Universal Decimal Classification number 342
Common auxiliary subdivision Derecho constitucional (Derecho Público)
041 ## - LANGUAGE CODE
Language code of text/sound track or separate title spa
100 1# - MAIN ENTRY--PERSONAL NAME
Personal name Lozada, Salvador María
245 10 - TITLE STATEMENT
Title Instituciones de Derecho Público
250 ## - EDITION STATEMENT
Edition statement 2a. ed.
264 #1 - PRODUCTION, PUBLICATION, DISTRIBUTION, MANUFACTURE, AND COPYRIGHT NOTICE
Place of production, publication, distribution, manufacture Buenos Aires :
Name of producer, publisher, distributor, manufacturer El Coloquio
Date of production, publication, distribution, manufacture, or copyright notice 1976
300 ## - PHYSICAL DESCRIPTION
Extent 718 p.
Dimensions 22 cm.
505 ## - FORMATTED CONTENTS NOTE
Formatted contents note 1. El Estado - 2. Formas de Estado y Forma de Gobierno - 3. La Constitución - 4. Antecedentes constitucionales argentinos - 5. La Constitución Argentina - 6. La forma de gobierno : El régimen representativo republicano - 7. Organización federal argentina - 8. Religión y Estado - 9. Régimen municipal - 10. Residencia de las autoridades nacionales - 11. Ciudadanía, nacionalización, régimen constitucional de los extranjeros y expulsión de éstos - 12. Relaciones internacionales y tratados - 13. Defensa de la patria y fuerzas armadas - 14. La reforma constitucional - 15. Los poderes del Estado I - 16. Los poderes del Estado II - 17. Los poderes del Estado III - 18. Los poderes del Estado IV - 19. Los poderes del Estado V - 20.Los poderes del Estado VI - 21. Los poderes del Estado VII - 22. Derechos civiles - 23. Garantías de la libertad y seguridad individuales. El Habeas Corpus y el amparo - 24. Irretroactividad de la Ley Penal - 25. La igualdad - 26. Suspensíon de las garantías individuales - 27. El estado y la actividad económica - 28. La prioridad - 29. Otras limitaciones a la propiedad - 30. La igualdad en el orden económico y los derechos sociales - 31. La unidad económica territorial y el tesoro nacional - 32. El Tesoro Nacional - 33. Los poderes económicos del congreso - 34. El derecho administrativo - 35. Los actos administrativos - 36. La organización administrativa - 37. Agentes de la administración pública - 38. Servicios públicos - 39. Contratos administrativos - 40. El poder de policìa en el derecho administrativo - 41. Patrimonio del estado - 42. La administración y la justicia - 43. La responsabilidad del Estado - 44. El Estado y las empresas - 45. La planificación económica por órganos administrativos - 46. Procedimientos Administrativos.
590 ## - LOCAL NOTE (RLIN)
Local note niveau_biblio:m niveau_hierar:0
942 ## - ADDED ENTRY ELEMENTS (KOHA)
Koha item type
Existencias
Withdrawn status Lost status Damaged status Not for loan Home library Current library Shelving location Date acquired Total checkouts Full call number Barcode Date last seen Price effective from Koha item type
        Biblioteca Prof. Eusebio Cleto del Rey Biblioteca Prof. Eusebio Cleto del Rey   07/04/2026   342 L925 2ed. L13456 07/04/2026 07/04/2026 Libro
        Biblioteca Prof. Eusebio Cleto del Rey Biblioteca Prof. Eusebio Cleto del Rey   07/04/2026   342 L925 2ed. L13457 07/04/2026 07/04/2026 Libro
        Biblioteca Prof. Eusebio Cleto del Rey Biblioteca Prof. Eusebio Cleto del Rey   07/04/2026   342 L925 2ed. L26855 07/04/2026 07/04/2026 Libro